000 00723nam a22002297a 4500
999 _c3837
_d3837
001 5007
003 BD-DhUAP
005 20200312150641.0
008 200312r19951993enka|||| |||| 001 0 eng d
020 _a0550325018
040 _aBD-DhUAP
_bEng
_cBD-DhUAP
_dBD-DhUAP
082 _223
_a428.1 EDM
100 _aEdmonds, William.
245 _aGood spelling :
_bfun with english /
_cWilliam Edmonds ; edited by Nicola Barber ; illustrated by Terry McKenna.
260 _aLondon :
_bChambers,
_cc1993 [1995].
300 _a32 pages :
_billustrations ;
_c26 cm.
500 _aIncludes index.
650 _aEnglish language
_xOrthography and spelling.
700 _aBarber, Nicola.
700 _aMcKenna,Terry.
942 _2ddc
_cBK